Macroeconomía (Registro nro. 3826)

Detalles MARC
000 -LEADER
fixed length control field 01935 a2200253 4500
001 - CONTROL NUMBER
control field 44875
005 - DATE AND TIME OF LATEST TRANSACTION
control field 20260407155723.0
008 - FIXED-LENGTH DATA ELEMENTS--GENERAL INFORMATION
fixed length control field 260407a1997 arg spa d
003 - CONTROL NUMBER IDENTIFIER
control field AR-UNSa-BCEJYS
040 ## - CATALOGING SOURCE
Original cataloging agency AR-UNSa-BCEJYS
Language of cataloging spa
Transcribing agency AR-UNSa-BCEJYS
080 ## - UNIVERSAL DECIMAL CLASSIFICATION NUMBER
Universal Decimal Classification number 330.101.541
Common auxiliary subdivision Macroeconomía
020 ## - INTERNATIONAL STANDARD BOOK NUMBER
International Standard Book Number 84-481-0968-6
041 ## - LANGUAGE CODE
Language code of text/sound track or separate title spa
100 1# - MAIN ENTRY--PERSONAL NAME
Personal name Grilli, Vittorio
245 10 - TITLE STATEMENT
Title Macroeconomía
Name of part/section of a work teoría y política
264 #1 - PRODUCTION, PUBLICATION, DISTRIBUTION, MANUFACTURE, AND COPYRIGHT NOTICE
Place of production, publication, distribution, manufacture Madrid :
Name of producer, publisher, distributor, manufacturer McGraw-Hill
Date of production, publication, distribution, manufacture, or copyright notice 1997
300 ## - PHYSICAL DESCRIPTION
Extent xi, 565 p.
Dimensions 25 cm.
505 ## - FORMATTED CONTENTS NOTE
Formatted contents note 1. El enfoque macroeconómico - 2. Magnitudes macroeconómicas – 3. La economía de Robinson Crusoe – 4. La restricción presupuestaria básica y la demanda de dinero – 5. La restricción presupuestaria intertemporaria y la demanda de crédito – 6. El modelo básico de vaciado de mercado - 7. El mercado de trabajo – 8. Los mercados mundiales de bienes y de crédito – 9. La inflación y los tipos de interés: una introducción – 10. Dinero, inflación y tipos de interés en el modelo de vaciado de mercado – 11. La intermediación financiera – 12. Las relaciones monetarias internacionales – 13. La inversión y los ciclos reales – 14. El desempleo – 15. El crecimiento económico – 16. El gasto público en bienes y servicios – 17. Los impuestos y las transferencias – 18. La deuda pública – 19. La inversión y la política fiscal en la economía mundial – 20. La interacción entre las variables nominales y las reales - 21. El dinero y las fluctuaciones económicas en el modelo de vaciado de mercado – 22. La teoría keynesiana de las fluctuaciones económicas – 23. Políticas monetarias, credibilidad y coordinación internacional -
590 ## - LOCAL NOTE (RLIN)
Local note niveau_biblio:m niveau_hierar:0
700 1# - ADDED ENTRY--PERSONAL NAME
Personal name Barro, Robert J.
700 1# - ADDED ENTRY--PERSONAL NAME
Personal name Febrero, Ramón
856 41 - ELECTRONIC LOCATION AND ACCESS
Uniform Resource Identifier <a href="https://www.biblioeco.unsa.edu.ar/pmb/images/libros/L127008.jpg">https://www.biblioeco.unsa.edu.ar/pmb/images/libros/L127008.jpg</a>
Link text Imagen de portada
Electronic format type image/jpeg
942 ## - ADDED ENTRY ELEMENTS (KOHA)
Koha item type
Existencias
Withdrawn status Lost status Damaged status Not for loan Home library Current library Shelving location Date acquired Total checkouts Full call number Barcode Date last seen Price effective from Koha item type
        Biblioteca Prof. Eusebio Cleto del Rey Biblioteca Prof. Eusebio Cleto del Rey   07/04/2026   330.101.541 B277 L127008 07/04/2026 07/04/2026 Libro